|
|
|
|
| LEADER |
00000cam a2200000 7i4500 |
| 001 |
0000003460 |
| 005 |
20151222.0 |
| 008 |
070718 |
| 020 |
|
|
|a 9833133886
|
| 090 |
0 |
0 |
|a JF
|b MOR MAL (4563)
|
| 245 |
1 |
0 |
|a Tiga ekor kambing
|
| 260 |
|
|
|a Selangor :
|b Early Learner Publications ,
|c 2005
|
| 440 |
|
|
|a Siri pintar teladan
|
| 500 |
|
|
|a Children ages 7-9 years old (orange)
|
| 650 |
|
0 |
|a Animals
|x Fiction
|
| 999 |
|
|
|a 0000971121
|b Book
|c Children Collection
|e Perbadanan Perpustakaan Awam Johor
|
| 999 |
|
|
|a 0000971122
|b Book
|c Children Collection
|e Perbadanan Perpustakaan Awam Johor
|
| 999 |
|
|
|a 0000971123
|b Book
|c Children Collection
|e Perbadanan Perpustakaan Awam Johor
|
| 999 |
|
|
|a 0000971124
|b Book
|c Children Collection
|e Perbadanan Perpustakaan Awam Johor
|
| 999 |
|
|
|a 0000971125
|b Book
|c Children Collection
|e Perbadanan Perpustakaan Awam Johor
|
| 999 |
|
|
|a 0001050836
|b Book
|c Children Collection
|e Cawangan Segamat
|